00560nam a2200121Ia 4500008004100000100002000041245012400061245008200185260004700267260000900314650002200323856009300345160809s9999 xx 000 0 und d aKarayazi, Seda. aTHE EFFECTS OF A SOCIAL STORYTM INTERVENTION ON THE PRO-SOCIAL BEHAVIORS OF A YOUNG ADULT WITH AUTISM SPECTRUM DISORDER cSeda Karayazi Patty Kohler Evans Janet Filer University of Central Arkansas . bInternational Journal of Special Education c2014 xSPECIAL EDUCATION uhttp://www.internationaljournalofspecialed.com/issues/IJSE%20ENTIRE%20ISSUE%2029%203.pdf